Statistics for Biggest Country by Lake

Click here to take the quiz!

General Stats

  • This quiz has been taken 61 times
  • The average score is 11 of 16

Answer Stats

HintAnswer% Correct
SuperiorCanada
98%
Caspian SeaRussia
94%
GenevaFrance
92%
VictoriaTanzania
92%
ChadChad
91%
Dead SeaJordan
87%
TiticacaPeru
83%
Aral SeaKazakhstan
79%
TanganyikaDemocratic Republic of the Congo
72%
ConstanceGermany
68%
NasserSudan
62%
MaggioreItaly
58%
Skadar/ShkoderAlbania
47%
TurkanaEthiopia
38%
SarygamyshTurkmenistan
26%
KaribaZambia
26%

Score Distribution

Percentile by Number Answered

Percent of People with Each Score

Your Score History

You have not taken this quiz